[Event "SLO-chT 32nd"]
[Site "Ljubljana"]
[Date "2022.09.10"]
[Round "5.2"]
[White "Gorsek, Gregor"]
[Black "Gruskovnjak, Tomislav"]
[Result "0-1"]
[WhiteElo "2108"]
[BlackElo "2279"]
[PlyCount "76"]
[EventDate "2022.09.02"]
[EventType "team-tourn"]
[EventRounds "9"]
[EventCountry "SLO"]
[SourceTitle "EXT 2023"]
[Source "ChessBase"]
[SourceDate "2022.10.05"]
[SourceVersion "1"]
[SourceVersionDate "2022.10.05"]
[SourceQuality "1"]
[WhiteTeam "Zalec"]
[BlackTeam "Murska Sobota Pomgrad"]
[WhiteTeamCountry "SVK"]
[BlackTeamCountry "SLO"]

1. e4 c5 2. c3 Nf6 3. e5 Nd5 4. d4 cxd4 5. Qxd4 e6 6. Nf3 Nc6 7. Qe4 f5 8. exf6 Nxf6 9. Qh4 e5 10. Bg5 Be7 11. Nbd2 d5 12. Bb5 e4 13. Nd4 Qd6 14. Rd1 0-0 15. N4b3 a6 16. Be2 h6 17. Bf4 Qe6 18. Qg3 Kh8 19. Nd4 Nxd4 20. cxd4 Bd7 21. Be5 Bb5 22. Bxb5 axb5 23. h3 Rxa2 24. Qb3 Ra4 25. 0-0 Nd7 26. Bg3 Rxd4 27. Nb1 Nc5 28. Qxb5 Rxd1 29. Rxd1 Qc6 30. Nc3 Qxb5 31. Nxb5 Nd3 32. Nc7 Rf5 33. Rd2 Bc5 34. Ne6 Bb6 35. Rc2 Kh7 36. Rc8 Bxf2+ 37. Bxf2 Rxf2 38. Rc7 e3 0-1

[Event "SLO-chT 32nd"]
[Site "Ljubljana"]
[Date "2022.09.04"]
[Round "3.1"]
[White "Dobrovoljc, Vid"]
[Black "Gorsek, Gregor"]
[Result "0-1"]
[WhiteElo "2402"]
[BlackElo "2108"]
[PlyCount "116"]
[EventDate "2022.09.02"]
[EventType "team-tourn"]
[EventRounds "9"]
[EventCountry "SLO"]
[SourceTitle "EXT 2023"]
[Source "ChessBase"]
[SourceDate "2022.10.05"]
[SourceVersion "1"]
[SourceVersionDate "2022.10.05"]
[SourceQuality "1"]
[WhiteTeam "Ljubljana Tajfun"]
[BlackTeam "Zalec"]
[WhiteTeamCountry "SVK"]
[BlackTeamCountry "SVK"]

1. e4 g6 2. d4 Bg7 3. Nc3 d6 4. Be3 Nf6 5. Qd2 0-0 6. Bh6 c6 7. Nf3 Bg4 8. 0-0-0 Qa5 9. Kb1 Nbd7 10. h3 Bxf3 11. gxf3 e5 12. Bxg7 Kxg7 13. f4 Rad8 14. Qe3 Rfe8 15. h4 exd4 16. Rxd4 Nb6 17. Be2 c5 18. Rdd1 Na4 19. f3 Nxc3+ 20. bxc3 d5 21. e5 Nh5 22. f5 d4 23. cxd4 cxd4 24. Qb3 Rxe5 25. fxg6 hxg6 26. Bc4 Rd6 27. Qb2 Qc5 28. Bb3 a5 29. Rd2 b5 30. a3 a4 31. Ba2 Nf4 32. Qb4 Qxb4+ 33. axb4 Ne2 34. Kb2 Nc3 35. Rg1 a3+ 36. Kb3 Re3 37. Rd3 Re2 38. Rg4 Nxa2 39. Kxa2 Rxc2+ 40. Kb1 a2+ 41. Ka1 Rc4 42. Kxa2 Rxb4 43. Ka3 Rb1 44. Ka2 Rb4 45. Ka3 Rc4 46. Kb3 f5 47. Rg1 Kf6 48. Rgd1 Ke5 49. Re1+ Kf4 50. Red1 Kg3 51. Rg1+ Kf2 52. Rh1 Rc3+ 53. Rxc3 dxc3 54. h5 gxh5 55. Rxh5 Rc6 56. Kc2 b4 57. Rg5 b3+ 58. Kc1 Re6 0-1

[Event "SLO-chT 32nd"]
[Site "Ljubljana"]
[Date "2022.09.03"]
[Round "2.5"]
[White "Gorsek, Gregor"]
[Black "Ruzic, Pia Marie"]
[Result "1-0"]
[WhiteElo "2108"]
[BlackElo "2104"]
[PlyCount "55"]
[EventDate "2022.09.02"]
[EventType "team-tourn"]
[EventRounds "9"]
[EventCountry "SLO"]
[SourceTitle "EXT 2023"]
[Source "ChessBase"]
[SourceDate "2022.10.05"]
[SourceVersion "1"]
[SourceVersionDate "2022.10.05"]
[SourceQuality "1"]
[WhiteTeam "Zalec"]
[BlackTeam "Krsko Triglav"]
[WhiteTeamCountry "SVK"]
[BlackTeamCountry "SLO"]

1. e4 e6 2. d4 d5 3. exd5 exd5 4. Bd3 Bd6 5. Nf3 Ne7 6. 0-0 f6 7. Re1 Bg4 8. h3 Bh5 9. c4 b6 10. Nc3 0-0 11. cxd5 Kh8 12. Bd2 Bb4 13. a3 Bxc3 14. bxc3 Nxd5 15. c4 Ne7 16. Be4 Nbc6 17. Bb4 Nxb4 18. Bxa8 Nbc6 19. Bxc6 Nxc6 20. d5 Ne5 21. g4 Nxf3+ 22. Qxf3 Bg6 23. Qf4 f5 24. g5 b5 25. Rac1 bxc4 26. Rxc4 Qxd5 27. Rxc7 Bf7 28. Rxa7 1-0

[Event "SLO-chT NML 31st"]
[Site "Ptuj/Grosuplje"]
[Date "2021.10.24"]
[Round "9.5"]
[White "Urh, Zala"]
[Black "Gorsek, Gregor"]
[Result "1-0"]
[WhiteElo "2310"]
[BlackElo "2103"]
[PlyCount "85"]
[EventDate "2021.10.08"]
[EventType "team-tourn"]
[EventRounds "9"]
[EventCountry "SLO"]
[SourceTitle "EXT 2023"]
[Source "ChessBase"]
[SourceDate "2022.10.05"]
[SourceVersion "1"]
[SourceVersionDate "2022.10.05"]
[SourceQuality "1"]
[WhiteTeam "Ljubljana Tajfun"]
[BlackTeam "Zalec"]
[WhiteTeamCountry "SLO"]
[BlackTeamCountry "SLO"]

1. d4 d6 2. Nf3 g6 3. c4 Bg7 4. Nc3 Bg4 5. g3 Nc6 6. d5 Bxf3 7. exf3 Nd4 8. Be3 Nf5 9. Bg5 h6 10. Bd2 Nd4 11. Bg2 c5 12. 0-0 Nf6 13. Re1 0-0 14. Rb1 Nd7 15. f4 Nb6 16. b3 Re8 17. g4 Qd7 18. a4 Qc7 19. h3 Nd7 20. Ne4 Nf6 21. Ng3 e6 22. dxe6 Rxe6 23. Rxe6 Nxe6 24. f5 Nd4 25. fxg6 fxg6 26. Be3 Nd7 27. Be4 Nf8 28. Qd3 h5 29. Bd5+ Kh8 30. Kg2 h4 31. Ne4 Qd7 32. Ng5 Re8 33. b4 b6 34. a5 b5 35. cxb5 Rb8 36. b6 axb6 37. a6 b5 38. Qd2 Qa7 39. Nf7+ Kh7 40. Ng5+ Kh8 41. Nf7+ Kh7 42. Bxd4 cxd4 43. Qg5 1-0

[Event "SLO-chT NML 31st"]
[Site "Ptuj/Grosuplje"]
[Date "2021.10.10"]
[Round "3.3"]
[White "Gorsek, Gregor"]
[Black "Polajzer, Danilo"]
[Result "1/2-1/2"]
[WhiteElo "2103"]
[BlackElo "2204"]
[PlyCount "71"]
[EventDate "2021.10.08"]
[EventType "team-tourn"]
[EventRounds "9"]
[EventCountry "SLO"]
[SourceTitle "EXT 2023"]
[Source "ChessBase"]
[SourceDate "2022.10.05"]
[SourceVersion "1"]
[SourceVersionDate "2022.10.05"]
[SourceQuality "1"]
[WhiteTeam "Zalec"]
[BlackTeam "Ptuj"]
[WhiteTeamCountry "SLO"]
[BlackTeamCountry "SLO"]

1. e4 c5 2. c3 d5 3. exd5 Qxd5 4. d4 cxd4 5. cxd4 Nc6 6. Nf3 e6 7. Nc3 Qa5 8. Be2 Nf6 9. 0-0 Bb4 10. Qb3 0-0 11. a3 Be7 12. h3 Qd8 13. Rd1 b6 14. Qa4 Bd7 15. Bb5 a6 16. Bxc6 b5 17. Bxb5 axb5 18. Qc2 b4 19. Ne4 bxa3 20. Nc5 axb2 21. Bxb2 Rxa1 22. Rxa1 Qc7 23. Rc1 Rc8 24. Ne5 Be8 25. Qe2 Qd6 26. Nc4 Qc6 27. Ne5 Qd5 28. Qe3 h6 29. Ncd3 Rxc1+ 30. Qxc1 Qb7 31. Ba3 Nd5 32. Bxe7 Nxe7 33. Nc5 Qd5 34. Qb2 Nc6 35. Nxc6 Bxc6 36. f3 1/2-1/2

[Event "Oskarja Memorial 10th"]
[Site "Chess.com INT"]
[Date "2021.01.16"]
[Round "6"]
[White "Golubovic, Boris"]
[Black "Gorsek, Gregor"]
[Result "0-1"]
[WhiteElo "2338"]
[BlackElo "2154"]
[PlyCount "118"]
[EventDate "2021.01.16"]
[EventType "swiss (blitz)"]
[EventRounds "15"]
[EventCountry "SLO"]
[SourceTitle "CBM 200 Extra"]
[Source "ChessBase"]
[SourceDate "2021.03.31"]
[SourceVersion "1"]
[SourceVersionDate "2021.03.31"]
[SourceQuality "1"]

1. e4 d6 2. d4 g6 3. Nc3 Bg7 4. Be3 Nc6 5. Qd2 e5 6. Nge2 exd4 7. Nxd4 Nge7 8. f3 0-0 9. 0-0-0 f5 10. Bc4+ Kh8 11. Ne6 Bxe6 12. Bxe6 fxe4 13. Nxe4 Nf5 14. Bg5 Qe8 15. Bb3 Qe5 16. Nc3 Ncd4 17. Rde1 Nxb3+ 18. axb3 Qa5 19. Kb1 Rae8 20. Rxe8 Rxe8 21. Re1 Rxe1+ 22. Qxe1 Qe5 23. Qxe5 Bxe5 24. g3 Bxc3 25. bxc3 Kg8 26. Kc1 Kf7 27. Kd2 Ke6 28. c4 c6 29. c3 Ng7 30. g4 Ne8 31. Ke3 Nc7 32. Bd8 Na6 33. b4 b5 34. cxb5 cxb5 35. f4 Nb8 36. Bh4 Nc6 37. Bf2 a6 38. Kf3 d5 39. Bc5 a5 40. bxa5 Nxa5 41. Bd4 Nc6 42. h3 b4 43. Ke3 b3 44. Kd2 Na5 45. Kc1 Nc4 46. Kb1 h5 47. Kc1 hxg4 48. hxg4 Kd6 49. Kb1 Ke6 50. Kc1 Kd6 51. Kb1 Kc6 52. Kc1 Kb5 53. f5 gxf5 54. gxf5 Ka4 55. f6 Ka3 56. f7 b2+ 57. Kc2 Ka2 58. Kd3 b1Q+ 59. Ke2 Qf5 0-1

[Event "Oskarja Memorial 10th"]
[Site "Chess.com INT"]
[Date "2021.01.16"]
[Round "5"]
[White "Gorsek, Gregor"]
[Black "Tomulic, Teo"]
[Result "0-1"]
[WhiteElo "2154"]
[BlackElo "2174"]
[PlyCount "90"]
[EventDate "2021.01.16"]
[EventType "swiss (blitz)"]
[EventRounds "15"]
[EventCountry "SLO"]
[SourceTitle "CBM 200 Extra"]
[Source "ChessBase"]
[SourceDate "2021.03.31"]
[SourceVersion "1"]
[SourceVersionDate "2021.03.31"]
[SourceQuality "1"]

1. e4 Nf6 2. Nc3 d5 3. exd5 Nxd5 4. Nxd5 Qxd5 5. Qf3 Be6 6. c3 Nc6 7. d4 0-0-0 8. Be2 g6 9. Qxd5 Bxd5 10. Bf3 Bg7 11. Bf4 e5 12. dxe5 Nxe5 13. Bxe5 Bxe5 14. Bxd5 Rxd5 15. Nf3 Bf6 16. 0-0 Re8 17. Rad1 Rxd1 18. Rxd1 Re2 19. Rd2 Rxd2 20. Nxd2 Kd7 21. Kf1 Ke6 22. Ke2 Kd5 23. Kd3 Be7 24. b3 f5 25. h3 Bh4 26. g3 Bf6 27. Nc4 b6 28. Ne3+ Ke6 29. Ng2 Be5 30. Nh4 Kd5 31. Nf3 Bf6 32. h4 Be7 33. Nd2 Bc5 34. Ke2 Ke6 35. f3 Bd6 36. f4 Bc5 37. b4 Be7 38. Kd3 b5 39. a3 c6 40. Nf3 Kd5 41. Ng5 Bxg5 42. fxg5 a6 43. Kd2 Ke4 44. Ke2 f4 45. gxf4 Kxf4 0-1

[Event "EU-ch Online U2300 Qual"]
[Site "Chess.com INT"]
[Date "2020.05.25"]
[Round "5"]
[White "Gorsek, Gregor"]
[Black "Solakoglu, Ozgur"]
[Result "1-0"]
[WhiteElo "2088"]
[BlackElo "1967"]
[PlyCount "95"]
[EventDate "2020.05.25"]
[EventType "swiss"]
[EventRounds "8"]
[EventCountry "NET"]
[SourceTitle "EXT 2021"]
[Source "ChessBase"]
[SourceDate "2020.10.23"]
[SourceVersion "1"]
[SourceVersionDate "2020.10.23"]
[SourceQuality "1"]

1. e4 e5 2. Nc3 Nc6 3. Bc4 Bc5 4. Qg4 g6 5. Qf3 Qf6 6. Nd5 Qxf3 7. Nxf3 Bb6 8. Ng5 Nh6 9. c3 0-0 10. d3 Na5 11. Bb3 Nxb3 12. axb3 d6 13. Nxb6 cxb6 14. h3 Kg7 15. Nf3 f5 16. Be3 Be6 17. b4 f4 18. Bd2 a5 19. b5 Nf7 20. c4 h6 21. Bc3 Ng5 22. Nxg5 hxg5 23. f3 Rfc8 24. Kd2 Kf6 25. b4 Bd7 26. bxa5 bxa5 27. Bxa5 Ke6 28. Bb6 Rh8 29. Kc3 Rhc8 30. Kb4 Ke7 31. Bf2 Rh8 32. Bb6 Be6 33. Rhd1 Kd7 34. c5 dxc5+ 35. Bxc5 Kc7 36. Be7 g4 37. fxg4 f3 38. Rxa8 Rxa8 39. gxf3 Ra2 40. Kc3 Rf2 41. Bf6 Rxf3 42. Bxe5+ Kb6 43. Kb4 Rxh3 44. Rc1 Ka7 45. Ra1+ Kb6 46. Rc1 Ka7 47. b6+ Kxb6 48. Bc7+ 1-0

[Event "EU-ch Online U2300 Qual"]
[Site "Chess.com INT"]
[Date "2020.05.25"]
[Round "1"]
[White "Morozov, Ivan"]
[Black "Gorsek, Gregor"]
[Result "0-1"]
[WhiteElo "2069"]
[BlackElo "2088"]
[PlyCount "132"]
[EventDate "2020.05.25"]
[EventType "swiss"]
[EventRounds "8"]
[EventCountry "NET"]
[SourceTitle "EXT 2021"]
[Source "ChessBase"]
[SourceDate "2020.10.23"]
[SourceVersion "1"]
[SourceVersionDate "2020.10.23"]
[SourceQuality "1"]

1. d4 d6 2. Nf3 g6 3. c4 Bg7 4. Nc3 Bg4 5. e4 Nc6 6. Be3 e5 7. dxe5 Nxe5 8. Be2 Bxf3 9. gxf3 Nf6 10. Qd2 0-0 11. Bh6 c6 12. Bxg7 Kxg7 13. 0-0-0 Qa5 14. h4 h5 15. f4 Neg4 16. Bxg4 Nxg4 17. f3 Nf6 18. Qxd6 Rad8 19. Qe5 Qxe5 20. fxe5 Nd7 21. f4 Nc5 22. Kc2 Ne6 23. Ne2 Nc5 24. Ng3 Ne6 25. f5 Nd4+ 26. Kc3 Nf3 27. Rd6 Nxe5 28. Rhd1 Rxd6 29. Rxd6 Re8 30. b4 Kf8 31. fxg6 fxg6 32. c5 Kf7 33. Rd2 Re7 34. Rf2+ Kg7 35. a4 Rd7 36. Rg2 Kf6 37. Ne2 Rd3+ 38. Kc2 Ra3 39. Rf2+ Kg7 40. a5 Ng4 41. Rf4 Ra2+ 42. Kd3 Ra3+ 43. Kd4 Rb3 44. Kc4 Re3 45. Nc3 a6 46. Kd4 Re1 47. e5 Nxe5 48. Ne4 Nf7 49. Nf6 Rd1+ 50. Kc3 Re1 51. Kd2 Re7 52. Kc3 Ne5 53. Ne4 Nf7 54. Nf6 Nh6 55. Ne4 Nf5 56. Ng5 Re3+ 57. Kd2 Re7 58. Kc3 Kh6 59. Ne4 Nxh4 60. Nd6 Nf5 61. Rxf5 gxf5 62. Nxf5+ Kg5 63. Nxe7 h4 64. b5 cxb5 65. Nd5 h3 66. Ne3 h2 0-1

[Event "EU-ch Online U2300 Qual"]
[Site "Chess.com INT"]
[Date "2020.05.25"]
[Round "6"]
[White "Risteski, Emil"]
[Black "Gorsek, Gregor"]
[Result "1-0"]
[WhiteElo "2159"]
[BlackElo "2088"]
[PlyCount "65"]
[EventDate "2020.05.25"]
[EventType "swiss"]
[EventRounds "8"]
[EventCountry "NET"]
[SourceTitle "EXT 2021"]
[Source "ChessBase"]
[SourceDate "2020.10.23"]
[SourceVersion "1"]
[SourceVersionDate "2020.10.23"]
[SourceQuality "1"]

1. e4 d6 2. d4 g6 3. Nc3 Bg7 4. g3 Nc6 5. Nge2 Bg4 6. Qd3 a6 7. Bg2 e5 8. d5 Bxe2 9. Nxe2 Nce7 10. 0-0 Nf6 11. f4 exf4 12. Bxf4 Nd7 13. c3 0-0 14. Qd2 Ne5 15. b3 Qd7 16. Nd4 c5 17. dxc6 bxc6 18. Bh6 c5 19. Bxg7 Kxg7 20. Ne2 a5 21. Rad1 Rad8 22. Qg5 Ng8 23. c4 h6 24. Qd2 Qc7 25. Nc3 Ne7 26. Nb5 Qb6 27. Nxd6 Nc8 28. Qc3 f6 29. Nxc8 Rxc8 30. Rd5 Qb4 31. Qb2 Nxc4 32. Rd7+ Kh8 33. Qc1 1-0

[Event "SLO-chT1 East 29th"]
[Site "Slovenia"]
[Date "2019.10.20"]
[Round "9.3"]
[White "Nikl Hutinski, Emanuel"]
[Black "Gorsek, Gregor"]
[Result "0-1"]
[WhiteElo "1669"]
[BlackElo "2090"]
[PlyCount "108"]
[EventDate "2019.09.06"]
[EventType "team-tourn"]
[EventRounds "9"]
[EventCountry "SLO"]
[SourceTitle "CBM 192 Extra"]
[Source "Chessbase"]
[SourceDate "2019.11.06"]
[SourceVersion "1"]
[SourceVersionDate "2019.11.06"]
[SourceQuality "1"]
[WhiteTeam "Slovenj Gradec"]
[BlackTeam "Zalec"]
[WhiteTeamCountry "SLO"]
[BlackTeamCountry "SLO"]

1. e4 d6 2. Nc3 g6 3. Bc4 Bg7 4. d3 Nc6 5. h3 Nf6 6. Nf3 0-0 7. 0-0 h6 8. Be3 e6 9. Ne2 d5 10. exd5 exd5 11. Bb3 Re8 12. Qd2 g5 13. Ned4 Ne7 14. c3 c5 15. Ne2 b6 16. d4 Ne4 17. Qc1 c4 18. Bc2 Nf5 19. Bxe4 Rxe4 20. Ng3 Nxg3 21. fxg3 Qe7 22. Re1 Bf5 23. g4 Bg6 24. Bf2 Re8 25. Bg3 f6 26. Qd2 h5 27. gxh5 Bxh5 28. Kf2 Qd7 29. Rxe4 dxe4 30. Re1 exf3 31. Rxe8+ Qxe8 32. gxf3 Bf8 33. b4 Qd7 34. Kg2 Qd5 35. Qe2 Bg6 36. Kf2 Kf7 37. h4 gxh4 38. Bxh4 Bd3 39. Qe3 Qf5 40. Bg3 Qh3 41. Qe1 Qe6 42. Qd2 Kg6 43. Qf4 Qh3 44. Qc1 Kf7 45. Qe1 a5 46. a3 Qd7 47. Qe3 axb4 48. axb4 Bg6 49. Qf4 Be7 50. Qe3 Qf5 51. Kg2 Qc2+ 52. Kh3 Bf5+ 53. Kh4 Be6 54. Bf4 Qg2 0-1

[Event "SLO-chT1 East"]
[Site "Slovenia"]
[Date "2019.09.07"]
[Round "2.4"]
[White "Gorsek, Gregor"]
[Black "Centrih, Aleks"]
[Result "1-0"]
[WhiteElo "2090"]
[BlackElo "1601"]
[PlyCount "65"]
[EventDate "2019.09.06"]
[EventType "team-tourn"]
[EventRounds "9"]
[EventCountry "SLO"]
[SourceTitle "EXT 2020"]
[Source "ChessBase"]
[SourceDate "2019.10.17"]
[SourceVersion "1"]
[SourceVersionDate "2019.10.17"]
[SourceQuality "1"]
[WhiteTeam "Zalec"]
[BlackTeam "Maribor II"]
[WhiteTeamCountry "SLO"]
[BlackTeamCountry "SLO"]

1. e4 e5 2. Nc3 Nf6 3. Bc4 Nc6 4. d3 Na5 5. Bb3 Nxb3 6. axb3 Bc5 7. Nf3 d6 8. h3 a6 9. Be3 Bxe3 10. fxe3 0-0 11. 0-0 Re8 12. Qe1 d5 13. exd5 Nxd5 14. Nxd5 Qxd5 15. e4 Qc5+ 16. Rf2 f5 17. Ra5 b5 18. b4 Qb6 19. exf5 Bxf5 20. Nd2 c5 21. Nb3 cxb4 22. Qxb4 Rac8 23. Qd2 Rf8 24. Kh2 e4 25. dxe4 Bxe4 26. Rxf8+ Rxf8 27. Qd4 Qc7+ 28. Kg1 Qxc2 29. Nd2 Qd1+ 30. Kh2 Qe2 31. Nxe4 Qe1 32. Rxa6 b4 33. Ra7 1-0

[Event "SLO-CupT"]
[Site "Dobrna"]
[Date "2019.04.14"]
[Round "4.8"]
[White "Gorsek, Gregor"]
[Black "Kodric, Gasper"]
[Result "1-0"]
[WhiteElo "2077"]
[BlackElo "1427"]
[PlyCount "80"]
[EventDate "2019.04.12"]
[EventType "team-swiss"]
[EventRounds "5"]
[EventCountry "SLO"]
[SourceTitle "EXT 2020"]
[Source "ChessBase"]
[SourceDate "2019.10.17"]
[SourceVersion "1"]
[SourceVersionDate "2019.10.17"]
[SourceQuality "1"]
[WhiteTeam "Zalec"]
[BlackTeam "Maribor ZSK"]
[WhiteTeamCountry "SLO"]
[BlackTeamCountry "SLO"]

1. e4 c6 2. d4 d5 3. exd5 cxd5 4. Bd3 Nc6 5. c3 Nf6 6. Nf3 Bg4 7. 0-0 e6 8. Re1 Be7 9. Bf4 0-0 10. Nbd2 Nh5 11. Be3 Nf6 12. Bg5 Rb8 13. b4 Qc7 14. Rc1 Rfc8 15. Qc2 h6 16. Bh4 Bxf3 17. Nxf3 Qd8 18. Qd1 Rc7 19. b5 Na5 20. Ne5 Nc4 21. Bxc4 dxc4 22. Qe2 Qd5 23. a4 Re8 24. Rb1 Nd7 25. Qh5 Nxe5 26. Rxe5 Qd8 27. Bg3 Bd6 28. Re3 Bxg3 29. Rxg3 Qf6 30. Re1 Rce7 31. Rge3 Kf8 32. Qc5 e5 33. Rxe5 b6 34. Qb4 Qf4 35. Rxe7 Rxe7 36. Qxe7+ Kg8 37. Qe8+ Kh7 38. Qe4+ Qxe4 39. Rxe4 Kg6 40. d5 Kf5 1-0

[Event "SLO-chT1 East"]
[Site "Slovenia"]
[Date "2018.11.09"]
[Round "7"]
[White "Gorsek, Gregor"]
[Black "Kos, Igor"]
[Result "1/2-1/2"]
[WhiteElo "2094"]
[BlackElo "1977"]
[PlyCount "64"]
[EventDate "2018.09.28"]
[EventType "team-tourn"]
[EventRounds "9"]
[EventCountry "SLO"]
[SourceTitle "EXT 2021"]
[Source "ChessBase"]
[SourceDate "2020.10.23"]
[SourceVersion "1"]
[SourceVersionDate "2020.10.23"]
[SourceQuality "1"]

1. Nf3 d5 2. d4 Nf6 3. e3 e6 4. c4 b6 5. Ne5 Bb7 6. Qa4+ c6 7. cxd5 exd5 8. Bd3 Bd6 9. f4 0-0 10. 0-0 Qe7 11. Nc3 Bb4 12. Bd2 Rc8 13. Bf5 Rc7 14. Rac1 a5 15. a3 Bd6 16. Qd1 b5 17. Re1 b4 18. axb4 axb4 19. Na4 g6 20. Bd3 Nbd7 21. b3 Rac8 22. g4 c5 23. g5 Bxe5 24. dxe5 Ne4 25. Bxe4 dxe4 26. Re2 Qe6 27. Be1 Qg4+ 28. Rg2 Qxd1 29. Rxd1 Bc6 30. Nb2 Nb6 31. Rgd2 Kf8 32. Rd6 Rd7 1/2-1/2

[Event "FICGS class E 000204 email"]
[Site "FICGS email"]
[Date "2018.01.30"]
[Round "1"]
[White "Pintor, Manuel Abranches"]
[Black "Gorsek, Gregor"]
[Result "1-0"]
[WhiteElo "1376"]
[BlackElo "1418"]
[PlyCount "27"]
[EventDate "2018.??.??"]
[EventType "tourn (corr)"]
[EventRounds "5"]
[SourceTitle "Corr 2022"]
[Source "ChessBase"]
[SourceDate "2021.10.24"]
[SourceVersion "1"]
[SourceVersionDate "2021.10.24"]
[SourceQuality "1"]

1. e4 d6 2. f4 Nc6 3. Nf3 g6 4. Bc4 Bg7 5. d4 Nf6 6. Nc3 0-0 7. 0-0 Bg4 8. e5 dxe5 9. fxe5 Nd7 10. Qd3 Nb6 11. Bb5 Bxf3 12. Rxf3 Nxd4 13. Re3 c6 14. Ba4 1-0

[Event "FICGS class E 000204 email"]
[Site "FICGS email"]
[Date "2018.01.30"]
[Round "1"]
[White "Sundararaghavan, Shailesh"]
[Black "Gorsek, Gregor"]
[Result "1-0"]
[WhiteElo "1500"]
[BlackElo "1418"]
[PlyCount "33"]
[EventDate "2018.??.??"]
[EventType "tourn (corr)"]
[EventRounds "5"]
[SourceTitle "Corr 2022"]
[Source "ChessBase"]
[SourceDate "2021.10.24"]
[SourceVersion "1"]
[SourceVersionDate "2021.10.24"]
[SourceQuality "1"]

1. e4 d6 2. d4 g6 3. Nf3 Bg7 4. Bc4 e6 5. 0-0 Ne7 6. Nc3 0-0 7. Be3 Nbc6 8. Ng5 h6 9. Nf3 d5 10. exd5 exd5 11. Bd3 Bg4 12. h3 Bxf3 13. Qxf3 Nxd4 14. Bxd4 Bxd4 15. Rad1 Bg7 16. Rfe1 c6 17. Qe2 1-0

[Event "FICGS rapid E 000200 email"]
[Site "FICGS email"]
[Date "2018.01.28"]
[Round "1"]
[White "Gorsek, Gregor"]
[Black "MacGregor, Steven"]
[Result "0-1"]
[WhiteElo "1418"]
[BlackElo "1140"]
[PlyCount "34"]
[EventDate "2018.??.??"]
[EventType "tourn (rapid)"]
[EventRounds "6"]
[SourceTitle "Corr 2022"]
[Source "ChessBase"]
[SourceDate "2021.10.24"]
[SourceVersion "1"]
[SourceVersionDate "2021.10.24"]
[SourceQuality "1"]

1. e4 e6 2. d4 d5 3. exd5 exd5 4. Nf3 Nf6 5. Bd3 Bd6 6. 0-0 0-0 7. Re1 c6 8. Bg5 Nbd7 9. Nbd2 Qc7 10. h3 h6 11. Bh4 g5 12. Nxg5 hxg5 13. Bxg5 Bf4 14. Bxf4 Qxf4 15. Nf3 Nh5 16. Ne5 Ng7 17. g3 Qh6 0-1

[Event "FICGS rapid D 000109 email"]
[Site "FICGS email"]
[Date "2018.01.27"]
[Round "1"]
[White "Gorsek, Gregor"]
[Black "Stephen, Zack"]
[Result "0-1"]
[WhiteElo "1418"]
[BlackElo "1406"]
[PlyCount "34"]
[EventDate "2018.??.??"]
[EventType "tourn (rapid)"]
[EventRounds "5"]
[SourceTitle "Corr 2022"]
[Source "ChessBase"]
[SourceDate "2021.10.24"]
[SourceVersion "1"]
[SourceVersionDate "2021.10.24"]
[SourceQuality "1"]

1. e4 c5 2. c3 Nf6 3. e5 Nd5 4. d4 cxd4 5. Qxd4 e6 6. Nf3 Nc6 7. Qe4 f5 8. exf6 Nxf6 9. Qh4 e5 10. Bg5 Be7 11. Nbd2 d5 12. 0-0-0 e4 13. Ne1 0-0 14. Nc2 h6 15. Bxf6 Bxf6 16. Qh5 Ne5 17. h3 g6 0-1

[Event "FICGS class D 000242 email"]
[Site "FICGS email"]
[Date "2018.01.23"]
[Round "1"]
[White "Gorsek, Gregor"]
[Black "Van Mechelen, Jan"]
[Result "0-1"]
[WhiteElo "1418"]
[BlackElo "1692"]
[PlyCount "38"]
[EventDate "2018.??.??"]
[EventType "tourn (corr)"]
[EventRounds "6"]
[SourceTitle "Corr 2022"]
[Source "ChessBase"]
[SourceDate "2021.10.24"]
[SourceVersion "1"]
[SourceVersionDate "2021.10.24"]
[SourceQuality "1"]

1. e4 e5 2. Nc3 Nf6 3. Bc4 Nxe4 4. Qh5 Nd6 5. Bb3 Nc6 6. Nb5 g6 7. Qf3 f5 8. Qd5 Qe7 9. Nxc7+ Kd8 10. Nxa8 b6 11. Nxb6 axb6 12. Qd3 Bb7 13. c3 e4 14. Qe3 Ne5 15. Qxb6+ Kc8 16. a4 Nd3+ 17. Kf1 Kb8 18. Bd5 Qe5 19. Bxb7 Nxb7 0-1

[Event "FICGS class D 000242 email"]
[Site "FICGS email"]
[Date "2018.01.23"]
[Round "1"]
[White "Tokarev, Oleg"]
[Black "Gorsek, Gregor"]
[Result "1-0"]
[WhiteElo "1500"]
[BlackElo "1418"]
[PlyCount "43"]
[EventDate "2018.??.??"]
[EventType "tourn (corr)"]
[EventRounds "6"]
[SourceTitle "Corr 2022"]
[Source "ChessBase"]
[SourceDate "2021.10.24"]
[SourceVersion "1"]
[SourceVersionDate "2021.10.24"]
[SourceQuality "1"]

1. e4 g6 2. Nf3 Bg7 3. d4 d6 4. h3 Nc6 5. Bb5 Bd7 6. c4 e5 7. d5 Nd4 8. Nxd4 exd4 9. Bxd7+ Qxd7 10. 0-0 Ne7 11. Nd2 0-0 12. Nf3 c5 13. Bd2 b5 14. b3 h6 15. Rb1 f5 16. exf5 Rxf5 17. Re1 Raf8 18. Re6 R5f6 19. Re4 Nf5 20. Qe2 R6f7 21. Re1 bxc4 22. bxc4 1-0

[Event "SLO-chT"]
[Site "Slovenia"]
[Date "2016.11.12"]
[Round "5.4"]
[White "Gorsek, Gregor"]
[Black "Zajic, Milan"]
[Result "0-1"]
[WhiteElo "2129"]
[BlackElo "2486"]
[PlyCount "73"]
[EventDate "2016.10.14"]
[EventType "team-tourn"]
[EventRounds "9"]
[EventCountry "SLO"]
[SourceTitle "CBM 175 Extra"]
[Source "ChessBase"]
[SourceDate "2016.12.12"]
[SourceVersion "1"]
[SourceVersionDate "2016.12.12"]
[SourceQuality "1"]
[WhiteTeam "Zalec"]
[BlackTeam "Maribor ZSK"]
[WhiteTeamCountry "SLO"]
[BlackTeamCountry "SLO"]

1. e4 g6 2. d4 Bg7 3. Nf3 c6 4. c3 d6 5. h3 Nf6 6. Bd3 0-0 7. Bg5 Nbd7 8. Qe2 e5 9. dxe5 dxe5 10. 0-0 h6 11. Be3 Qe7 12. Nbd2 Nh5 13. Rad1 Nc5 14. g4 Nf4 15. Bxf4 exf4 16. Kg2 h5 17. Nh2 b5 18. Rg1 hxg4 19. hxg4 Be6 20. Bb1 Rad8 21. Rge1 Rfe8 22. c4 Na4 23. cxb5 cxb5 24. Ndf3 Rxd1 25. Rxd1 Nxb2 26. Rc1 Nc4 27. Rd1 a6 28. Ne1 Ne5 29. f3 Nc4 30. Nf1 Rd8 31. Nd3 Qg5 32. Nf2 Rxd1 33. Nxd1 Bd4 34. Nf2 Qh4 35. Nd1 Ne5 36. Nf2 Bc4 37. Nd3 0-1